Beyond interdependence : the meshing of the world's economy and the earth's ecology

Saved in:
Bibliographic Details
Main Author: MacNeill, Jim
Other Authors: Winsemius, Pieter, Yakushiji, Taizo, 1944-
Format: Book
Language:English
Published: Oxford : Oxford University Press, 1991
Subjects:
Tags: Add Tag
No Tags, Be the first to tag this record!

MARC

LEADER 00000cam a2200000 i 4500
001 1/94535
008 991126s1999 eng d
020 |a 0-19-507126-3 
035 |l 10054859 
040 |a GR-MY-UA  |b gre  |e aacr 
041 0 |a eng 
082 0 |a 363.7 
100 1 |a MacNeill, Jim. 
245 1 0 |a Beyond interdependence :  |b the meshing of the world's economy and the earth's ecology /  |c Jim MacNeill, Pieter Winsemius, and Taizo Yakushiji 
260 |a Oxford :   |b Oxford University Press,   |c 1991 
300 |a 159 p.  |b fig.; tabl. 
504 |a Includes bibliographical references and index 
650 0 0 |a Economic development  |x Environmental aspects. 
650 0 0 |a Environmental policy. 
650 0 |a Economic history  |y 1971-1990. 
650 0 0 |a International economic relations. 
700 1 |a Winsemius, Pieter. 
700 1 |a Yakushiji, Taizo,   |d 1944- 
852 |a INST  |b LESVOS  |e 19991126  |h 363.7 MAC  |p 005100018742  |q 005100018742  |t BK  |y 0 
901 |a BIBL1-2000-1 
922 |a 1ΕΛΗ  |b 199910  |c ΚΠΣ/ΤΓ  |d LEADER 
950 |a 118-1998-10-19 
970 |a ΜΟΥΣΤΑΚΑ  |b ΠΗΝΕΛΟΠΗ  |z 2000/02/02